|
|
|
|
| LEADER |
00000cgm a2200000 a 4500 |
| 001 |
vtls010285040 |
| 003 |
SK-MaSNL |
| 005 |
20260331210025.0 |
| 007 |
vd mvaizs |
| 008 |
110610p2010 xr 060 abdi vleng |
| 028 |
4 |
2 |
|a 886974559936
|b Sony Music Entertainment
|
| 040 |
|
|
|a SNK
|b slo
|c SNK
|e AACR2
|
| 041 |
0 |
|
|a eng
|
| 044 |
|
|
|a xr
|c CZ
|
| 072 |
|
7 |
|a 784
|x Vokálna hudba
|2 konspekt
|
| 080 |
|
|
|a 784.4
|2 2001
|
| 080 |
|
|
|a 78.036.9.011.26
|2 2001
|
| 080 |
|
|
|a 78.091
|2 2001
|
| 080 |
|
|
|a (0.034.44)
|2 2001
|
| 100 |
1 |
|
|a Gaye, Marvin,
|d 1939-1984
|4 sng
|9 328006
|
| 245 |
1 |
0 |
|a Marvin Gaye - Greatest hits
|h videozáznam
|b live in '76
|
| 260 |
|
|
|a Praha
|b Sony Music Entertainment
|c 2010
|
| 300 |
|
|
|a 1 videodisk (DVD) (60 min.)
|b fareb., zvuk.
|c 12 cm
|
| 490 |
1 |
|
|a EV Classics
|
| 500 |
|
|
|a Príloha denníka Nový Čas
|
| 505 |
0 |
0 |
|t All the Way 'Round --
|t Since I Had You --
|t Come Get to This --
|t Let's Get It On --
|t Ain't That Peculiar --
|t You're a Wonderful One --
|t Stubborn Kind of Fellow --
|t Pride and Joy --
|t Little Darling (I Need You) --
|t I Heard It Through the Grapevine --
|t Hitch Hike --
|t You --
|t Too Busy Thinking About My Baby --
|t How Sweet It Is (To Be Loved By You) --
|t Inner City Blues (Make Me Wanna Holler) --
|t What's Happening? --
|t Save the Children --
|t You're All I Need --
|t Ain't Nothing Like the Real Thing --
|t Heaven Must Have Sent You --
|t It Takes Two --
|t Ain't No Mountain High Enough --
|t Distant Lover
|
| 508 |
|
|
|a Réžia Charles Leeuvenhanp
|
| 511 |
0 |
|
|a Účinkuje Marvin Gaye
|
| 521 |
8 |
|
|a Vhodné od 12 rokov
|
| 538 |
|
|
|a DVD5; Dolby Digital stereo 2.0; PAL; region 0; aspect ratio 4:3
|
| 650 |
0 |
7 |
|a koncerty
|2 SNKPH
|9 19182
|
| 650 |
0 |
7 |
|a soul (hudba)
|2 SNKPH
|9 106158
|
| 650 |
0 |
7 |
|a populárne piesne
|2 SNKPH
|9 3446
|
| 655 |
|
7 |
|a DVD
|2 SNKPH
|9 70751
|
| 700 |
1 |
|
|a Leeuvenhanp, Charles
|4 drt
|9 328007
|
| 830 |
|
0 |
|a EV Classics
|9 327920
|
| 852 |
|
|
|a Štátna vedecká knižnica v Banskej Bystrici
|
| 999 |
|
|
|c 577389
|d 579319
|
| 952 |
|
|
|a SNK
|b SNK
|y PREZ
|7 0
|p 17A1081416
|o snkIDVD 235
|i snk2013/18960
|8 1
|0 0
|1 0
|4 0
|d 2013-08-15
|l 0
|r 2026-02-23 14:38:06
|w 2026-02-23
|
| 952 |
|
|
|a SNK
|b SNK
|y PREZ
|7 0
|p 17A1081415
|o snkIDVD 235 D1
|i snk2013/18961
|8 1
|0 0
|1 1
|4 0
|d 2013-08-15
|l 0
|r 2026-02-23 14:38:06
|w 2026-02-23
|